Graph theory /

Guardado en:
Autor Principal: Tutte, W. T.
Formato: Libro
Idioma:English
Publicado: Menlo Park, Calif. : Addison-Wesley, Advanced Book Program, 1984.
Series:Encyclopedia of mathematics and its applications ; v. 21.
Encyclopedia of mathematics and its applications. Section, Combinatorics.
Materias:
Etiquetas: Agregar Etiqueta
Sin Etiquetas, Sea el primero en etiquetar este registro!
LEADER 01308pam a2200265 a 4500
001 MAT.inmabb004893
008 830606s1984####caua#####b####001#0#eng##
005 20130304164710.0
245 1 0 |a Graph theory /  |c W. T. Tutte ; foreword by Crispin St. J. A. Nash-Williams. 
260 |a Menlo Park, Calif. :  |b Addison-Wesley, Advanced Book Program,  |c 1984. 
300 |a xxi, 333 p. :  |b il. ;  |c 25 cm. 
490 1 |a Encyclopedia of mathematics and its applications ;  |v v. 21.  |a Section, Combinatorics 
504 |a Incluye referencias bibliográficas e índice. 
505 0 |a 1. Graphs and subgraphs -- 2. Contractions and the theorem of Menger -- 3. 2-Connection -- 4. 3-Connection -- 5. Reconstruction -- 6. Digraphs and paths -- 7. Alternating paths -- 8. Algebraic duality -- 9. Polynomials associated with graphs -- 10. Combinatorial maps -- 11. Planarity. 
510 4 |a MR,  |c 87c:05001 
020 |a 0201135205 (Addison-Wesley) 
020 |a 0521302412 (Cambridge) 
100 1 |a Tutte, W. T. 
830 0 |a Encyclopedia of mathematics and its applications ;  |v v. 21. 
830 0 |a Encyclopedia of mathematics and its applications.  |p Section, Combinatorics. 
650 0 |a Graph theory. 
084 |a 05-01 (05Cxx)  |2 msc2000 
010 |a  83012210  
040 |a DLC  |c DLC  |d DLC 
859 |h 05  |i T967  |p A-6154  |b BIB. MATEMATICA